Lectures on differential and integral equations

Αποθηκεύτηκε σε:
Λεπτομέρειες βιβλιογραφικής εγγραφής
Κύριος συγγραφέας: Yosida, Kosaku (Συγγραφέας)
Μορφή: Βιβλίο
Γλώσσα:Αγγλικά
Έκδοση: Nueva York Dover 1991
Σειρά:Dover Books on Advanced Mathematics
Θέματα:
Ετικέτες: Προσθήκη ετικέτας
Δεν υπάρχουν, Καταχωρήστε ετικέτα πρώτοι!

MARC

LEADER 00000nam a2200000 a 4500
001 UCX5848
003 CL-VaPUC
008 930121e19910000US |||||||||||||||||eng|d
082 0 4 |a 515.35  |b YOS  |2 21 
100 0 |a Yosida, Kosaku  |e author  |9 322213 
245 1 0 |a Lectures on differential and integral equations 
300 |a 220 p 
942 |c BK 
945 |d 19930121 00:00:00 
260 |a Nueva York  |b Dover  |c 1991 
650 0 |a Ecuaciones diferenciales  |9 260083 
650 0 |a Ecuaciones integrales   |9 270067 
583 |a last modification  |c 19930121 00:00:00  |k Rodrigo Vera 
490 0 |a Dover Books on Advanced Mathematics 
999 |c 226004  |d 226002 
952 |0 0  |1 0  |4 0  |6 515_350000000000000_YOS_1991  |7 0  |8 A  |9 224017  |a BIBCUR  |b BIBCUR  |d 2019-11-15  |i 3178854  |o 515.35 YOS 1991  |p 3178854  |r 2025-04-22  |w 2019-11-15  |y BK  |k BCB